[Event "Bialystok Zamenhof Memorial-C 35th"]
[Site "Bialystok"]
[Date "2017.12.31"]
[Round "9.18"]
[White "Szydlo, Michal"]
[Black "Pialesa, Siarhei"]
[Result "0-1"]
[WhiteElo "1598"]
[BlackElo "1718"]
[PlyCount "86"]
[EventDate "2017.12.27"]
[EventType "swiss"]
[EventRounds "9"]
[EventCountry "POL"]
[SourceTitle "EXT 2023"]
[Source "ChessBase"]
[SourceDate "2022.10.05"]
[SourceVersion "1"]
[SourceVersionDate "2022.10.05"]
[SourceQuality "1"]

1. e4 e5 2. Nf3 Nc6 3. Bb5 g6 4. 0-0 Bg7 5. c3 a6 6. Ba4 b5 7. Bb3 Nge7 8. d4 d6 9. h3 0-0 10. Re1 Na5 11. Bc2 c5 12. dxe5 dxe5 13. Be3 Qc7 14. Qe2 Nc4 15. b3 Nxe3 16. Qxe3 h6 17. Nbd2 Be6 18. Nf1 c4 19. b4 a5 20. N1h2 Ra6 21. a3 axb4 22. axb4 Rfa8 23. Rxa6 Rxa6 24. Ng4 Kh7 25. Kh1 f6 26. Kg1 h5 27. Ngh2 Bh6 28. Qe2 Ra3 29. Nh4 Rxc3 30. Bd1 Kg7 31. Qa2 Rc1 32. Rf1 Qd6 33. Be2 Qxb4 34. Qa7 Qd6 35. g4 hxg4 36. Rxc1 Bxc1 37. Nxg4 b4 38. Nxg6 Kxg6 39. h4 c3 40. h5+ Kg7 41. h6+ Bxh6 42. Qa8 Bxg4 43. Bxg4 c2 0-1

[Event "Bialystok Zamenhof Memorial-C 35th"]
[Site "Bialystok"]
[Date "2017.12.27"]
[Round "1.30"]
[White "Frejlich, Robert"]
[Black "Pialesa, Siarhei"]
[Result "0-1"]
[WhiteElo "1434"]
[BlackElo "1718"]
[PlyCount "76"]
[EventDate "2017.12.27"]
[EventType "swiss"]
[EventRounds "9"]
[EventCountry "POL"]
[SourceTitle "EXT 2023"]
[Source "ChessBase"]
[SourceDate "2022.10.05"]
[SourceVersion "1"]
[SourceVersionDate "2022.10.05"]
[SourceQuality "1"]

1. e4 e5 2. Nf3 Nc6 3. Bb5 a6 4. Ba4 Nf6 5. 0-0 Be7 6. Re1 b5 7. Bb3 0-0 8. c3 d5 9. exd5 Nxd5 10. Nxe5 Nxe5 11. Rxe5 c6 12. d4 Bd6 13. Re1 Qh4 14. g3 Qh3 15. Re4 g5 16. Qe1 Bf5 17. f3 Bxe4 18. fxe4 Nf6 19. e5 Ng4 20. Qe2 Rfe8 21. Qg2 Qxg2+ 22. Kxg2 Nxe5 23. dxe5 Rxe5 24. Bd2 c5 25. c4 b4 26. Kf2 Rf5+ 27. Kg2 Re8 28. Bd1 Be5 29. Bg4 Bxb2 30. Bxf5 h6 31. a3 b3 32. Bc3 Bxa1 33. Bxa1 Re2+ 34. Kg1 b2 35. Bxb2 Rxb2 36. g4 Kg7 37. Nc3 Rb3 38. Nd1 Kf6 0-1